000 00846nam a2200253Ia 4500
003 OSt
005 20260213143439.0
008 220923b |||||||| |||| 00| 0 eng d
020 _a0415424127
037 _cGeneral Book
040 _aRTL
_cRTL
_beng
041 _2eng
_aeng
084 _aY:45153.2.P, P7
_qRTL
245 0 _aAbortion in India: ground realities
260 _a New Delhi
_bRoutledge Press
_c2007
300 _axviii, 352 p.
_bIncludes bibliographical references and index
500 _aBibliography chapterwise
650 _a Abortion
_9309039
650 _aSociology
_91115690
700 _aVisaria Leela
_9309040
_eEditor
700 _aRamachandran Vimala
_eEditor
_91115691
942 _hY:45153.2.P, P7
_cGB
_2CC
_n0
999 _c611831
_d611831